| 000 | 00847nam a22001937a 4500 | ||
|---|---|---|---|
| 005 | 20250107151850.0 | ||
| 010 | _aHIN-129183 | ||
| 020 |
_a9788193324318 _c500.00 |
||
| 035 | _aHN-101529 | ||
| 037 | _bDBAD | ||
| 082 | _a921 | ||
| 100 |
_aधामा, तेजपाल सिंह _976025 |
||
| 245 |
_aदेश के अमर शहीद / _cतेजपाल सिंह धामा |
||
| 250 | _aप्रथम | ||
| 260 |
_aदिल्ली _bकृष्णा पब्लिशिंग हाउस _c2024 |
||
| 270 |
_aए-49, तृतीय तल गली नं-6, जगतपुरी एक्सटेंशन _bदिल्ली _e110093 _k8851868441 _kkphouse2018@gmail.com |
||
| 300 |
_a159 पृ. _c21सेमी(सजिल्द) |
||
| 942 |
_2ddc _cHN _h921 _mधामाते |
||
| 999 |
_c208146 _d208146 |
||